Statistiken für 2. Fussball-Bundesliga 2022/ 23

Klicken Sie hier um das Quiz zu spielen!

Allgemein

  • Dieses Quiz wurde 181 mal gespielt
  • Das Durchschnittsergebnis liegt bei 15 aus 18

Antwortstatistiken

Verein% Korrekt
Hamburger Sportverein
93%
SV Darmstadt 98
90%
FC St. Pauli
89%
1. FC Heidenheim
87%
1. FC Nürnberg
86%
Hannover 96
86%
SpVgg Greuther Fürth
84%
1. FC Kaiserslautern
83%
Holstein Kiel
81%
Arminia Bielefeld
79%
SV Sandhausen
76%
1. FC Magdeburg
75%
Eintracht Braunschweig
75%
Fortuna Düsseldorf
75%
Hansa Rostock
75%
Jahn Regensburg
75%
SC Paderborn 07
72%
Karlsruher SC
70%

Verteilung der Resultate

Perzentil nach korrekt beantworteten Fragen

Anzahl Personen mit jedem Resultat

Ihre Resultats-Entwicklung

Sie haben dieses Quiz noch nicht gespielt